logo

Bir Sreshtho Munshi Abdur Rouf Library
Jhenaidah Cadet College

বিশ্বসাহিত্য কেন্দ্র ও আমি / (Record no. 1232)

MARC details
000 -LEADER
fixed length control field 00734nam a2200229 a 4500
001 - CONTROL NUMBER
JCCL Control Number 1232
003 - CONTROL NUMBER IDENTIFIER
JCCL marc code BD-JhCC
005 - DATE AND TIME OF LATEST TRANSACTION
control field 20171030112017.0
008 - FIXED-LENGTH DATA ELEMENTS--GENERAL INFORMATION
fixed length control field 171017s2007 bg |||| |||| 00| 0 ben d
020 ## - INTERNATIONAL STANDARD BOOK NUMBER
International Standard Book Number 9844105463
035 ## - SYSTEM CONTROL NUMBER
system control number (BD-JhCC)1232
040 ## - CATALOGING SOURCE
Original cataloging agency BD-JhCC
Modifying agency BD-JhCC
041 ## - LANGUAGE CODE
Language code of Book ben
082 ## - DEWEY DECIMAL CLASSIFICATION NUMBER
DDC Edition number 22
Classification number 923.1
Author mark and Year SAI 2007
100 ## - MAIN ENTRY--PERSONAL NAME
Personal name সায়ীদ, আবদুল্লাহ আবু
245 ## - TITLE STATEMENT
Title বিশ্বসাহিত্য কেন্দ্র ও আমি /
Statement of responsibility, etc আবদুল্লাহ আবু সায়ীদ
260 ## - PUBLICATION, DISTRIBUTION, ETC. (IMPRINT)
Place of publication, distribution, etc ঢাকা :
Name of publisher, distributor, etc মাওলা ব্রাদার্স,
Date of publication, distribution, etc 2007
300 ## - PHYSICAL DESCRIPTION
Pagination 287 p. :
Dimensions 21 cm.
650 ## - SUBJECT ADDED ENTRY--TOPICAL TERM
Topical term or geographic name as entry element Autobiography
942 ## - ADDED ENTRY ELEMENTS (KOHA)
Source of classification or shelving scheme Dewey Decimal Classification
Koha item type Books
Holdings
Source of classification or shelving scheme Damaged status Not for loan Home library Current library Shelving location Date of accession Cost, normal purchase price Total Checkouts Full call number Barcode Date last seen Copy number Koha item type Source of acquisition
Dewey Decimal Classification   Not For Loan JCC Rouf Library JCC Rouf Library General Stacks 10/17/2017 300.00   923.1 SAI 2007 2152 10/17/2017 C-1 Books  
Dewey Decimal Classification     JCC Rouf Library JCC Rouf Library Reference 10/30/2017 300.00   923.1 SAI 2007 2329 10/30/2017 C-2 Books Zahedee Foundation
Dewey Decimal Classification     JCC Rouf Library JCC Rouf Library General Stacks 11/02/2017 300.00   923.1 SAI 2007 3623 11/02/2017 C-3 Books  

JCC Library | Contacts | JCC Home

Last Update on 23 September 2017
Copyright @ 2017-2020 JCC Rouf Library
Rouf Library, Jhenidah Cadet College (JCC), Bangladesh